A treasury of evangelical writings: (Record no. 13982)

000 -LEADER
fixed length control field 00592nam a2200181 a 4500
001 - CONTROL NUMBER
control field :::00011806$&:&@@
003 - CONTROL NUMBER IDENTIFIER
control field OkBaRHE
005 - DATE AND TIME OF LATEST TRANSACTION
control field 20000607103413.0
008 - FIXED-LENGTH DATA ELEMENTS--GENERAL INFORMATION
fixed length control field s1980 j 000 0 eng u
040 ## - CATALOGING SOURCE
Transcribing agency
100 1# - MAIN ENTRY--PERSONAL NAME
Personal name Fuller, David Otis, 1903- ,
245 12 - TITLE STATEMENT
Title A treasury of evangelical writings:
Remainder of title valiant for the truth.
260 ## - PUBLICATION, DISTRIBUTION, ETC. (IMPRINT)
Place of publication, distribution, etc Grand Rapids, MI., :
Name of publisher, distributor, etc Kregel Publications
Date of publication, distribution, etc 1980
300 ## - PHYSICAL DESCRIPTION
Extent 460 p. ;
Dimensions 22 cm.
650 ## - SUBJECT ADDED ENTRY--TOPICAL TERM
Topical term or geographic name as entry element Theology
General subdivision Collected Works
942 ## - ADDED ENTRY ELEMENTS (KOHA)
Source of classification or shelving scheme
Koha item type Books
Copies
Koha item type Lost status Not for loan Date last seen Price effective from Permanent Location Barcode Date acquired Copy number Shelving location Withdrawn status Source of classification or shelving scheme Full call number Damaged status
Books  2010-04-142010-04-14RHEMA Bible Training College118062010-04-141General Stacks  BX 8217 .F8